Poľnohospodárov postkomunistických krajín nepovažujú európski farmári zatiaľ za konkurentov

Informácia o správe o vzťahoch medzi Európskou úniou a krajinami strednej a východnej Európy v oblasti poľnohospodárstva, ktorá sa má predložiť Rade EÚ a Európskemu parlamentu. Analýza stavu a východiská rozvoja poľnohospodárstva v bývalom východnom bloku (podpora cien základných poľnohospodárskych...

Description complète

Enregistré dans:
Détails bibliographiques
Auteur principal: Hajšel, R.
Format: Chapitre de livre
Langue:slovaque
Sujets:
Tags: Ajouter un tag
Pas de tags, Soyez le premier à ajouter un tag!

MARC

LEADER 00000naa a2200000 4500
001 r015630
005 20221213114636.9
041 0 |a slo 
044 |a SK 
245 1 0 |a Poľnohospodárov postkomunistických krajín nepovažujú európski farmári zatiaľ za konkurentov  |c R. Hajšel 
520 |a Informácia o správe o vzťahoch medzi Európskou úniou a krajinami strednej a východnej Európy v oblasti poľnohospodárstva, ktorá sa má predložiť Rade EÚ a Európskemu parlamentu. Analýza stavu a východiská rozvoja poľnohospodárstva v bývalom východnom bloku (podpora cien základných poľnohospodárskych produktov, vytvorenie úverového systému a trhu s pôdou). Z krátko- ani strednodobého hľadiska nepokladá správa túto oblasť za nebezpečnú konkurenciu. 
610 2 0 |a poľnohospodárstvo 
610 2 0 |a stredná Európa 
610 2 0 |a východná Európa 
610 2 0 |a Európska únia 
610 2 0 |a konkurencieschopnosť 
610 2 0 |a dotácie 
610 2 0 |a úver 
610 2 0 |a pôda 
610 2 0 |a trh 
100 1 |a Hajšel, R.